| 000 | 00641nam a2200229Ia 4500 | ||
|---|---|---|---|
| 003 | OSt | ||
| 005 | 20220918202538.0 | ||
| 006 | a|||||r|||| 00| 0 | ||
| 007 | ta | ||
| 008 | 220917b |||||||| |||| 00| 0 eng d | ||
| 024 | _a102,013 | ||
| 037 | _cTextual | ||
| 040 |
_aARTS _cARTS _beng |
||
| 041 |
_2eng _aeng |
||
| 082 | _aV22:72, L2.1 | ||
| 100 |
_aHultzsch E _9104264 |
||
| 245 | 0 |
_aSouth Indian Inscriptions _b Tamil and Sanskrit chiefly collected in 188687 |
|
| 260 |
_aVaransi _bIndologicla Book House _c1972 |
||
| 650 | _aHISTORY | ||
| 942 |
_hV22:72, L2.1 _cTEXL _2CC |
||
| 999 |
_c225473 _d225473 |
||